000
00252nam a2200097Ia 4500
001
790100
005
20250826170545.0
008
250824s9999 xx 000 0 und d
245
0
_a
HİKAYELERLE 40 HADİS
_c
AYŞE SERRA KARA
260
_b
KAYALIPARK YAYINLARI
999
_c
790100
_d
790100